| 000 | 00843nam a22002417a 4500 | ||
|---|---|---|---|
| 999 |
_c17186 _d17186 |
||
| 003 | AR-CdUCM | ||
| 008 | 190322b ||||| |||| 00| 0 spa d | ||
| 040 |
_aMUNICIPALIDAD PROVINCIAL DEL CUSCO _cBIBLIOTECA MUNICIPAL DEL CUSCO |
||
| 041 | _hger | ||
| 082 |
_a192.93 / _bB18 |
||
| 100 |
_aBally, Gustav _923275 |
||
| 245 | _aEl juego como expresión de libertad / | ||
| 260 |
_aMéxico : _bFondo de Cultura Económica, _c1958. |
||
| 300 |
_a130 páginas ; _c22 cm. |
||
| 440 |
_aBiblioteca de Psicología y Psicoanálisis. _923276 |
||
| 505 | _aContenido: El instinto y el juego -- El hombre y el juego. | ||
| 650 |
_aJuegos psicológicos _923277 |
||
| 650 |
_aLibre albedrío y determinismo _923278 |
||
| 650 |
_aEl hombre _916004 |
||
| 700 |
_aReuter, Jasmin (traducción) _923279 |
||
| 942 |
_2ddc _cLIBROS |
||
| 945 |
_adavv _d07/05/2019 |
||